International commercial arbitration: United States doctrinal developments and american style discovery

Guardat en:
Dades bibliogràfiques
Autor principal: Martínez-Fraga, Pedro J. (autor)
Format: Llibre
Idioma:anglès
Publicat: Pamplona Aranzadi 2008
Edició:1a. ed
Col·lecció:The Global Law Collection Textbook Series
Matèries:
Etiquetes: Afegir etiqueta
Sense etiquetes, Sigues el primer a etiquetar aquest registre!

MARC

LEADER 00000nam a2200000 a 4500
001 UCI9199
003 CL-VaPUC
008 081030e20080000SP |||||||||||||||||eng|d
020 |a 9788483555279 
082 0 4 |a 341.522  |b MAR  |2 21 
100 |a Martínez-Fraga, Pedro J.  |e autor  |9 532814 
245 1 0 |a International commercial arbitration: United States doctrinal developments and american style discovery 
250 |a 1a. ed 
300 |a 511 p 
942 |c BK 
945 |d 20081030 00:00:00  |a rbrito 
260 |a Pamplona  |b Aranzadi  |c 2008 
650 0 |a Derecho comercial internacional   |9 256381 
650 0 |a Arbitraje comercial  |9 257152 
650 7 |a COMERCIO INTERNACIONAL  |2 CL-VaPUC  |9 532815 
583 |a last modification  |c 20130608 04:24:16  |k Rodrigo Vera 
490 0 |a The Global Law Collection Textbook Series 
999 |c 331784  |d 331782 
952 |0 0  |1 0  |4 0  |6 341_522000000000000_MAR_2008  |7 0  |8 A  |9 418893  |a BIBDER  |b BIBDER  |d 2019-11-22  |i 4493273  |o 341.522 MAR 2008  |p 4493273  |r 2023-01-25  |w 2019-11-22  |y BK  |k DER